[Event "Titled Tuesday intern op 26th Nov Late"]
[White "Bhatia, Kanishka"]
[Black "Garcia Correa, Jose Ricardo"]
[Site "Chess.com INT"]
[Round "8"]
[Result "0-1"]
[Date "2024.11.26"]
[WhiteElo "1953"]
[BlackElo "2103"]
[PlyCount "74"]
[EventDate "2024.11.26"]
[EventType "swiss (blitz)"]
[EventRounds "11"]
[EventCountry "USA"]
[SourceTitle "CB49_2024"]
[SourceDate "2024.12.04"]
[SourceVersion "1"]
[SourceVersionDate "2024.12.04"]
[SourceQuality "1"]

1. e4 d5 2. exd5 Qxd5 3. Nc3 Qa5 4. b4 Qxb4 5. Nb5 Qc5 6. d4 Qb6 7. Nf3 c6 8. Nc3 Bg4 9. Be2 e6 10. 0-0 Nf6 11. Rb1 Qc7 12. h3 Bh5 13. Ne5 Bxe2 14. Qxe2 Nbd7 15. Re1 Nxe5 16. dxe5 Nd5 17. Nxd5 exd5 18. e6 f6 19. e7 Bxe7 20. Bf4 Qd7 21. Qh5+ g6 22. Qe2 Kf7 23. Rb3 Rhe8 24. Reb1 b5 25. Qd2 a5 26. Rg3 Bc5 27. Qc3 Bb4 28. Qf3 Qf5 29. h4 Re4 30. h5 Rxf4 31. hxg6+ hxg6 32. Qe2 Re8 33. Qd1 Bc5 34. Rh3 Rxf2 35. Kh1 Ree2 36. Qc1 Qxh3+ 37. gxh3 Rh2# 0-1

[Event "Titled Tuesday intern op 26th Nov Late"]
[White "Kostiukov, Alexandr"]
[Black "Bhatia, Kanishka"]
[Site "Chess.com INT"]
[Round "7"]
[Result "1-0"]
[Date "2024.11.26"]
[WhiteElo "2271"]
[BlackElo "1953"]
[PlyCount "53"]
[EventDate "2024.11.26"]
[EventType "swiss (blitz)"]
[EventRounds "11"]
[EventCountry "USA"]
[SourceTitle "CB49_2024"]
[SourceDate "2024.12.04"]
[SourceVersion "1"]
[SourceVersionDate "2024.12.04"]
[SourceQuality "1"]

1. g3 g6 2. Bg2 Bg7 3. c4 d6 4. Nf3 Bd7 5. 0-0 Qc8 6. Re1 h5 7. h4 Nf6 8. Nc3 c6 9. d4 Bh3 10. Bh1 0-0 11. e4 Nbd7 12. e5 dxe5 13. Nxe5 Nxe5 14. Rxe5 Ng4 15. Rxe7 Qf5 16. Re2 Rad8 17. d5 c5 18. Bf4 Bd4 19. Qd2 Rfe8 20. Rae1 Rxe2 21. Rxe2 f6 22. Be4 Bxc3 23. Qxc3 Qd7 24. Bxg6 Kg7 25. Bxh5 Rh8 26. d6 Ne5 27. Rxe5 1-0

[Event "Titled Tuesday intern op 26th Nov Late"]
[White "Rose, Felix"]
[Black "Bhatia, Kanishka"]
[Site "Chess.com INT"]
[Round "9"]
[Result "0-1"]
[Date "2024.11.26"]
[WhiteElo "2093"]
[BlackElo "1953"]
[PlyCount "66"]
[EventDate "2024.11.26"]
[EventType "swiss (blitz)"]
[EventRounds "11"]
[EventCountry "USA"]
[SourceTitle "CB49_2024"]
[SourceDate "2024.12.04"]
[SourceVersion "1"]
[SourceVersionDate "2024.12.04"]
[SourceQuality "1"]

1. e4 e5 2. Nf3 Nc6 3. Bb5 Nf6 4. 0-0 a6 5. Bxc6 dxc6 6. Nxe5 Bc5 7. c3 Nxe4 8. Qe2 Qe7 9. Qxe4 f6 10. d4 Bd6 11. f4 0-0 12. Qe1 fxe5 13. fxe5 Rxf1+ 14. Qxf1 Bxe5 15. dxe5 Qxe5 16. Bf4 Qf5 17. Nd2 Be6 18. Bxc7 Qc5+ 19. Qf2 Qd5 20. Qd4 Qg5 21. Nf3 Qg6 22. Ne5 Qc2 23. Qf2 Qa4 24. b3 Qb5 25. c4 Qb4 26. Rd1 Rf8 27. Qe3 c5 28. Bd6 Re8 29. Bxc5 Qa5 30. Rd2 Bf5 31. Rf2 g6 32. g4 Bxg4 33. Qf4 Bf5 0-1

[Event "UK Blitz Women) Final"]
[White "Bahtiyorova, Nodirabegim"]
[Black "Bhatia, Kanishka"]
[Site "Leamington Spa"]
[Round "13"]
[Result "0-1"]
[Date "2024.11.16"]
[WhiteElo "1712"]
[BlackElo "1953"]
[PlyCount "42"]
[EventDate "2024.11.16"]
[EventType "tourn (blitz)"]
[EventRounds "15"]
[EventCountry "ENG"]
[SourceTitle "CB47_2024"]
[SourceDate "2024.11.20"]
[SourceVersion "1"]
[SourceVersionDate "2024.11.20"]
[SourceQuality "1"]

1. e4 e5 2. Nf3 Nf6 3. Nc3 Nc6 4. d4 exd4 5. Nxd4 Bb4 6. Nxc6 bxc6 7. Qd4 Bxc3+ 8. Qxc3 0-0 9. Bd3 h6 10. 0-0 Re8 11. f3 a5 12. Bf4 Bb7 13. Rad1 d6 14. Rfe1 c5 15. Bc4 Nh5 16. Be3 Qf6 17. Qd2 Qg6 18. Bf2 Bc8 19. Kh1 Be6 20. Bd5 Bxd5 21. Qxd5 Nf4 0-1

[Event "UK Blitz Women) Final"]
[White "Bhatia, Kanishka"]
[Black "Hardwick, Alexander M"]
[Site "Leamington Spa"]
[Round "1"]
[Result "1-0"]
[Date "2024.11.16"]
[WhiteElo "1953"]
[BlackElo "1815"]
[PlyCount "51"]
[EventDate "2024.11.16"]
[EventType "tourn (blitz)"]
[EventRounds "15"]
[EventCountry "ENG"]
[SourceTitle "CB47_2024"]
[SourceDate "2024.11.20"]
[SourceVersion "1"]
[SourceVersionDate "2024.11.20"]
[SourceQuality "1"]

1. e4 e6 2. Nf3 d5 3. Nc3 Nf6 4. e5 Nfd7 5. d4 c5 6. dxc5 Bxc5 7. Bd3 Nc6 8. Bf4 Qc7 9. 0-0 Nb4 10. a3 Nxd3 11. Qxd3 b6 12. Rad1 a5 13. Nb5 Qb8 14. Nd6+ Bxd6 15. exd6 Ba6 16. Qd4 Bxf1 17. Qxg7 Rf8 18. Rxf1 Qd8 19. Bg5 Qb8 20. Be7 Ra7 21. Ng5 Qc8 22. Nxh7 Qxc2 23. Nxf8 Nxf8 24. Qxf8+ Kd7 25. Qd8+ Kc6 26. Qc8+ 1-0

[Event "UK Blitz Women) Final"]
[White "Rida, Ruqayyah"]
[Black "Bhatia, Kanishka"]
[Site "Leamington Spa"]
[Round "11"]
[Result "1-0"]
[Date "2024.11.16"]
[WhiteElo "2019"]
[BlackElo "1953"]
[PlyCount "151"]
[EventDate "2024.11.16"]
[EventType "tourn (blitz)"]
[EventRounds "15"]
[EventCountry "ENG"]
[SourceTitle "CB47_2024"]
[SourceDate "2024.11.20"]
[SourceVersion "1"]
[SourceVersionDate "2024.11.20"]
[SourceQuality "1"]

1. e4 c6 2. d4 d5 3. Nd2 dxe4 4. Nxe4 Nf6 5. Nxf6+ exf6 6. c3 Bd6 7. Bd3 0-0 8. Qc2 g6 9. Ne2 Qc7 10. Be3 Be6 11. c4 Bb4+ 12. Nc3 Nd7 13. a3 Be7 14. 0-0-0 Nb6 15. Ne2 Rac8 16. Kb1 Nd7 17. Nf4 Kg7 18. Rhe1 Rfd8 19. Bc1 Nf8 20. Be4 Bd6 21. Nxe6+ Nxe6 22. Be3 Bf4 23. Qc3 b5 24. cxb5 cxb5 25. Qxc7 Rxc7 26. d5 Bxe3 27. fxe3 Ng5 28. Bc2 f5 29. Rd4 Rdc8 30. Bd3 a6 31. h4 Ne4 32. Bxe4 fxe4 33. Rxe4 Rc2 34. Rd1 Rxg2 35. d6 Rd8 36. d7 Kf8 37. Rd6 g5 38. hxg5 Rxg5 39. Red4 Rg6 40. Rxg6 hxg6 41. Rd6 Ke7 42. Rxa6 Rxd7 43. Rb6 Rd5 44. Kc2 g5 45. e4 Re5 46. Kd3 g4 47. Rb8 Kf6 48. Ke3 Kg5 49. Rg8+ Kh5 50. Kf4 Re6 51. Rg5+ Kh6 52. Rxg4 Rf6+ 53. Ke5 Rf2 54. b4 Rf3 55. Kd5 Rxa3 56. Kc5 Re3 57. Kxb5 Kh5 58. Rf4 Kg6 59. Kb6 f6 60. b5 Kg5 61. Rf5+ Kg6 62. Rf4 Kg5 63. Rf5+ Kg6 64. Rc5 Rxe4 65. Kc7 f5 66. b6 Re7+ 67. Kd6 Rb7 68. Kc6 Rb8 69. Kc7 Rf8 70. b7 Rf7+ 71. Kc8 Rf8+ 72. Kc7 Rf7+ 73. Kb6 Rxb7+ 74. Kxb7 f4 75. Kc6 f3 76. Rc3 1-0

[Event "UK-ch Blitz-B"]
[White "Bhatia, Kanishka"]
[Black "Hng, Mei Xian Eunice"]
[Site "Leamington Spa"]
[Round "12.1"]
[Result "0-1"]
[Date "2023.12.02"]
[WhiteElo "1768"]
[BlackElo "1767"]
[PlyCount "115"]
[EventDate "2023.12.02"]
[EventType "tourn (blitz)"]
[EventRounds "15"]
[EventCountry "ENG"]
[SourceTitle "CBM 217 Extra"]
[Source "ChessBase"]
[SourceDate "2024.01.31"]
[SourceVersion "1"]
[SourceVersionDate "2024.01.31"]
[SourceQuality "1"]

1. d4 Nf6 2. c4 e6 3. Nc3 c5 4. e3 Be7 5. Nf3 b6 6. Be2 Bb7 7. 0-0 0-0 8. d5 exd5 9. cxd5 d6 10. e4 Nbd7 11. Bf4 Nh5 12. Be3 Re8 13. h3 a6 14. Nd2 Nhf6 15. Nf3 b5 16. Qc2 b4 17. Nb1 Bf8 18. Nbd2 Nb6 19. Bf4 g6 20. Rfe1 a5 21. Bb5 Nbd7 22. Nc4 Ba6 23. a4 Bxb5 24. axb5 Qb8 25. b6 Nxb6 26. Nxa5 Qc7 27. Nc6 Rxa1 28. Rxa1 Rxe4 29. Ra7 Qc8 30. Bg5 Rc4 31. Qe2 Re4 32. Qd3 Nbxd5 33. Bxf6 Nxf6 34. Ng5 Qxc6 35. Nxe4 Qxe4 36. Qa6 Qe1+ 37. Kh2 Qxf2 38. Qb7 Qf4+ 39. Kh1 Nh5 40. Kg1 Kg7 41. Qd5 Qd4+ 42. Qxd4+ cxd4 43. Ra4 d5 44. Ra1 Nf4 45. Rd1 Ne6 46. Kf2 f5 47. Kf3 Kf6 48. Rc1 Ng5+ 49. Kf2 Ne4+ 50. Kf3 Bd6 51. Rc6 d3 52. Ke3 Ke5 53. Kxd3 Nc5+ 54. Ke2 Na4 55. b3 Nc3+ 56. Kd3 Ne4 57. Rc8 Nc5+ 58. Ke2 0-1

[Event "UK-ch Blitz-B"]
[White "Dicen, Elis Denele"]
[Black "Bhatia, Kanishka"]
[Site "Leamington Spa"]
[Round "13.7"]
[Result "1-0"]
[Date "2023.12.02"]
[WhiteElo "1910"]
[BlackElo "1768"]
[PlyCount "69"]
[EventDate "2023.12.02"]
[EventType "tourn (blitz)"]
[EventRounds "15"]
[EventCountry "ENG"]
[SourceTitle "CBM 217 Extra"]
[Source "ChessBase"]
[SourceDate "2024.01.31"]
[SourceVersion "1"]
[SourceVersionDate "2024.01.31"]
[SourceQuality "1"]

1. d4 f5 2. Nc3 Nf6 3. Bg5 e6 4. e4 fxe4 5. Nxe4 Be7 6. Bxf6 Bxf6 7. Nf3 0-0 8. Bd3 Nc6 9. c3 d6 10. Qc2 g6 11. 0-0-0 Qe7 12. h4 Qg7 13. h5 Ne7 14. Kb1 e5 15. dxe5 dxe5 16. Ka1 Bf5 17. hxg6 Bxg6 18. Nxf6+ Qxf6 19. Bxg6 Qxg6 20. Qb3+ Qf7 21. Qb4 Ng6 22. Ng5 Qe7 23. Qc4+ Kh8 24. Rxh7+ Qxh7 25. Nxh7 Kxh7 26. Rh1+ Kg7 27. Qxc7+ Rf7 28. Rh7+ Kxh7 29. Qxf7+ Kh6 30. Qxb7 Rf8 31. Qxa7 Rd8 32. a3 Rd1+ 33. Ka2 Rd8 34. c4 Nf4 35. Qb6+ 1-0

[Event "Glasgow op"]
[White "Bhatia, Kanishka"]
[Black "Mittal, Advik"]
[Site "Glasgow"]
[Round "3"]
[Result "1-0"]
[Date "2023.11.04"]
[WhiteElo "1648"]
[BlackElo "1315"]
[PlyCount "103"]
[EventDate "2023.11.03"]
[EventType "swiss"]
[EventRounds "5"]
[EventCountry "SCO"]
[SourceTitle "CBM 217 Extra"]
[Source "ChessBase"]
[SourceDate "2024.01.31"]
[SourceVersion "1"]
[SourceVersionDate "2024.01.31"]
[SourceQuality "1"]

1. e4 e5 2. Nf3 Nc6 3. Bc4 Bc5 4. 0-0 Nf6 5. d3 d6 6. h3 Be6 7. Nbd2 h6 8. c3 0-0 9. b4 Bb6 10. a4 a6 11. Qb3 Qd7 12. Bxe6 fxe6 13. Nc4 Nh5 14. Nxb6 cxb6 15. Be3 Nf4 16. Ne1 b5 17. Bxf4 exf4 18. axb5 axb5 19. Nf3 Rxa1 20. Rxa1 Ne5 21. Nxe5 dxe5 22. d4 exd4 23. cxd4 f3 24. Rd1 Qf7 25. gxf3 Qxf3 26. Qxf3 Rxf3 27. d5 exd5 28. Rxd5 Rxh3 29. Rxb5 Rf3 30. Rxb7 Rf4 31. e5 Re4 32. Rb5 Kf7 33. f3 Re1+ 34. Kf2 Rb1 35. f4 g6 36. Kf3 Ke6 37. Rb6+ Kf7 38. b5 Rf1+ 39. Ke4 h5 40. Rb7+ Ke6 41. Rg7 Re1+ 42. Kf3 Rf1+ 43. Ke3 Rg1 44. b6 Kf5 45. Rf7+ Kg4 46. b7 Rb1 47. e6 h4 48. e7 h3 49. Rh7 Rxb7 50. e8Q Rxh7 51. Qxg6+ Kh4 52. Qg5# 1-0

[Event "Gilbert Cup"]
[White "Kong, Emma Zihan"]
[Black "Bhatia, Kanishka"]
[Site "Stirling"]
[Round "4"]
[Result "0-1"]
[Date "2023.08.19"]
[WhiteElo "1327"]
[BlackElo "1622"]
[PlyCount "90"]
[EventDate "2023.08.18"]
[EventType "team-tourn"]
[EventRounds "6"]
[EventCountry "SCO"]
[SourceTitle "CBM 216 Extra"]
[Source "ChessBase"]
[SourceDate "2023.11.30"]
[SourceVersion "1"]
[SourceVersionDate "2023.11.30"]
[SourceQuality "1"]
[WhiteTeam "Wales"]
[BlackTeam "Scotland"]
[WhiteTeamCountry "WLS"]
[BlackTeamCountry "SCO"]

1. d4 Nf6 2. c4 g6 3. Nc3 Bg7 4. Bf4 0-0 5. Nf3 d5 6. cxd5 Nxd5 7. Nxd5 Qxd5 8. Bxc7 Nc6 9. Bf4 Qe4 10. e3 Nb4 11. Ng5 Qf5 12. Rc1 h6 13. Rc5 e5 14. Nf3 b6 15. Rb5 Ba6 16. Rxb4 Bxf1 17. Nxe5 Bxg2 18. Rg1 Bb7 19. h4 Rac8 20. Nc4 Qd7 21. Nd6 Rc6 22. Nxb7 Rfc8 23. Nc5 bxc5 24. dxc5 Qf5 25. Rb8 Qxc5 26. Rxc8+ Rxc8 27. Kf1 Qb5+ 28. Kg2 Qxb2 29. Qd7 Rc2 30. Qe8+ Kh7 31. Qxf7 Rxf2+ 32. Kh1 Qc2 33. Qd5 Qc8 34. Rg2 Qh3+ 35. Kg1 Rxg2+ 36. Qxg2 Qxh4 37. Qa8 Qe1+ 38. Kg2 Qe2+ 39. Kg3 Qxa2 40. Qb7 Qa1 41. Bd6 a5 42. Bf8 Qf6 43. Bxg7 Qxg7 44. Qb5 Qa7 45. Qb3 a4 0-1

[Event "Gilbert Cup"]
[White "Bhatia, Kanishka"]
[Black "Maton, Emily"]
[Site "Stirling"]
[Round "2"]
[Result "0-1"]
[Date "2023.08.18"]
[WhiteElo "1622"]
[BlackElo "1897"]
[PlyCount "190"]
[EventDate "2023.08.18"]
[EventType "team-tourn"]
[EventRounds "6"]
[EventCountry "SCO"]
[SourceTitle "CBM 216 Extra"]
[Source "ChessBase"]
[SourceDate "2023.11.30"]
[SourceVersion "1"]
[SourceVersionDate "2023.11.30"]
[SourceQuality "1"]
[WhiteTeam "Scotland"]
[BlackTeam "England"]
[WhiteTeamCountry "SCO"]
[BlackTeamCountry "ENG"]

1. Nf3 Nf6 2. g3 g6 3. Bg2 Bg7 4. 0-0 c5 5. d3 d5 6. Nbd2 0-0 7. e4 Nc6 8. c3 d4 9. Nb3 Nd7 10. Qc2 b6 11. cxd4 Nxd4 12. Nfxd4 cxd4 13. e5 Rb8 14. f4 Ba6 15. Rd1 Rc8 16. Qf2 Nc5 17. Nxd4 Nxd3 18. Qe3 Nb4 19. Bd2 Nc2 20. Nxc2 Rxc2 21. Bc3 Qc7 22. Be4 Re2 23. Qd4 Bb7 24. Bxb7 Qxb7 25. Qd5 Qa6 26. Qd3 Qxd3 27. Rxd3 e6 28. Rad1 a5 29. Rd6 Rb8 30. Bd4 Bf8 31. Rd7 Bc5 32. Bxc5 bxc5 33. Rd8+ Rxd8 34. Rxd8+ Kg7 35. Rb8 c4 36. Rb5 c3 37. bxc3 Rxa2 38. c4 a4 39. c5 a3 40. c6 Ra1+ 41. Kg2 a2 42. Ra5 Rc1 43. Rxa2 Rxc6 44. h3 h5 45. Rd2 Rc4 46. Kf3 Kf8 47. Rd3 Kg7 48. g4 hxg4+ 49. hxg4 Rc5 50. Ke4 Rc7 51. Rf3 Ra7 52. Kd4 g5 53. Kc5 Ra4 54. f5 Ra5+ 55. Kd6 Rd5+ 56. Kc6 Rxe5 57. fxe6 Rxe6+ 58. Kd5 Rf6 59. Rg3 Rf4 60. Rg1 Kf6 61. Rg2 Rf1 62. Ra2 Kg6 63. Ke4 Rf4+ 64. Ke3 Rxg4 65. Ra6+ f6 66. Kf3 Rb4 67. Kg3 Rf4 68. Rb6 Kh5 69. Rb8 Ra4 70. Rh8+ Kg6 71. Rg8+ Kf5 72. Rb8 Ra3+ 73. Kf2 g4 74. Rb5+ Kf4 75. Rb4+ Kg5 76. Rb5+ f5 77. Kg2 Rf3 78. Rb8 Rd3 79. Rb5 Re3 80. Kf2 Ra3 81. Rc5 g3+ 82. Ke2 Kg4 83. Rc8 Ra2+ 84. Kf1 f4 85. Rc4 Kh3 86. Rc3 Kh2 87. Ke1 g2 88. Rf3 g1Q+ 89. Rf1 Ra1+ 90. Kd2 Qxf1 91. Kc2 Qd1+ 92. Kc3 Rc1+ 93. Kb4 Qd4+ 94. Kb5 Qb2+ 95. Ka6 Ra1# 0-1

[Event "SCO-ch op 128th"]
[White "Marks, Ian Alexander"]
[Black "Bhatia, Kanishka"]
[Site "Dunfermline"]
[Round "3"]
[Result "1/2-1/2"]
[Date "2023.07.08"]
[WhiteElo "1874"]
[BlackElo "1592"]
[PlyCount "132"]
[EventDate "2023.07.07"]
[EventType "swiss"]
[EventRounds "5"]
[EventCountry "SCO"]
[SourceTitle "CBM 215 Extra"]
[Source "ChessBase"]
[SourceDate "2023.09.30"]
[SourceVersion "1"]
[SourceVersionDate "2023.09.30"]
[SourceQuality "1"]

1. d4 Nf6 2. Bg5 e6 3. Nd2 Be7 4. e4 d5 5. e5 Nfd7 6. Bxe7 Qxe7 7. c3 c5 8. Ndf3 Nc6 9. Ne2 0-0 10. Ng3 cxd4 11. cxd4 Qb4+ 12. Qd2 Qxd2+ 13. Kxd2 Nb6 14. Rc1 Bd7 15. Bd3 Rac8 16. Ke3 Nb4 17. Nd2 Na4 18. b3 Nc3 19. a3 Nxd3 20. Kxd3 Nb5 21. a4 Nc7 22. f4 Na6 23. Nf3 Nb4+ 24. Kd2 g6 25. Ne2 a5 26. Nc3 Rc6 27. g3 Rfc8 28. Rhd1 Kg7 29. Ne1 R6c7 30. Nb5 Bxb5 31. axb5 Kh6 32. Rxc7 Rxc7 33. Rc1 Rxc1 34. Kxc1 b6 35. Kd2 Kh5 36. Nf3 h6 37. h3 g5 38. fxg5 hxg5 39. g4+ Kg6 40. Ne1 Na2 41. Nd3 Nb4 42. Nc5 bxc5 43. dxc5 d4 44. c6 Nd5 45. Kd3 Kg7 46. Kxd4 Kf8 47. Kc5 Ke7 48. b6 Kd8 49. Kb5 Ne7 50. c7+ Kc8 51. Kxa5 Kb7 52. Kb5 Ng6 53. Kc5 Nxe5 54. Kd6 Nc6 55. b4 Nb8 56. b5 Kc8 57. Kc5 f5 58. gxf5 exf5 59. cxb8Q+ Kxb8 60. Kd4 Kb7 61. Ke5 f4 62. Ke4 Kxb6 63. h4 gxh4 64. Kxf4 h3 65. Kg3 h2 66. Kxh2 Kxb5 1/2-1/2